000 00487nam a2200181Ia 4500
999 _c29917
_d29917
003 OSt
005 20201118105938.0
008 190216s9999||||xx |||||||||||||| ||und||
020 _a9788126433285
040 _coclc
082 _a894.8123
_bMUK/D
100 _aMukundan, M
_96509
245 0 _aDelhi Gadhakal /
_cM Mukundan
260 _bDc Books,
_c2012.
_aKottayam:
300 _a494p
650 _aNovel
942 _cBK
_2ddc
_h894.8123
_iMUK/D
_k894.8123
_mMUK/D